01344nam0a22002771 4500001001500000005001700015035002600032100004100058101001300099102000700112105001800119200017700137210007300314215001600387311008500403316010300488422012100591482010200712510003500814700006900849702005500918801001800973801002700991852003001018852001801048v19\rc\158243720250619051137.0 a(NLR Aleph) 004836047 a20061002d1894 |||y0rusy50 ca1 arusceng aRU ay z |||a|1 aПод тенью мечаd(The shadow of the sword)eРоман из эпохи Наполеона IeПер. с англ.f[Соч.] Роберта Букананаzeng aСанкт-Петербургcтип. А.С. Суворинаd1894 a230 с.d24 aПрил. к журн. "Историч. вестник", 1894, янв.-сент. aЭкз. РНБ (1/205): приплетен к "Ист. вестнику" за 1894 г.5NLR: 1/205 012001#$aИсторический вестник$v1894, янв.-сент.tИсторический вестник 012001#$aИсторический вестник$v1894tИсторический вестник0 a(The shadow of the sword)zeng 1aБьюкененbР.В.f1841-1901gРоберт Вильямс 0aНаполеонcфр. имп.dIf1769-18214570 0aRUbNLRgpsbo 1aRUbProSoft-M2rusmarc aNLRj1/205(период.) aNLRj80-7/424